00473 2200169 4500245012200000250001100122100001900133700001900152700001800171650001600189005001900205260000900224041001400233084001100247500003600258336000900294 aLaporan Kegiatan Praktik Kerja Industri di Teraskita Hotel Manage by Dafam Kota Jakarta SelatancFahira RifkhahhText aCet. 1 aFahira Rifkhah aFajar Ramadhan aHabiday Kalbi aLaporan PKL a20231030133607 c2022 aIndonesia a378.34 aLaporan PKL Kelas XI Perhotelan atext